Análisis textual e intertextual Elegía a Jesús Menéndez de Nicolás Guillén /

Guardado en:
Detalles Bibliográficos
Autor principal: Mansour, Mónica (autor)
Formato: Libro
Idioma:Español
Publicado: México : UNAM, Facultad de Filosofía y Letras, 1980, c1980
Temas:
Etiquetas: Agrega una etiqueta
Sin etiquetas, Sé el primero en etiquetar este registro!

MARC

LEADER 00000nam^a2200000^a^4500
001 000151123
005 20250521000000.0
009 20260310100200.534
020 |a 968-58-2775-3 
037 |a Acervo ITESO - Biblioteca 
041 |a ESP 
082 |a 860. 97291063  |b MAN 
100 |a Mansour, Mónica  |e (autor) 
245 1 0 |a Análisis textual e intertextual Elegía a Jesús Menéndez de Nicolás Guillén /  |c M. Mansour. 
264 4 |a México :  |b UNAM, Facultad de Filosofía y Letras,  |c 1980, c1980 
300 |a 93 p. 
336 |a texto  |b txt  |2 rdacontenido 
337 |a sin mediación  |b n  |2 rdamedio 
338 |a volumen  |b nc  |2 rdasoporte 
545 0 |a Nicolás Guillén (1902-1989), poeta cubano nacido en Camagüey y muerto en La Habana. Fue uno de los primeros en revalorar la poesía negra de su país, y hacerla presente en su propia obra, a través de un ritmo que remite a la danza y los cantos afrocubanos. Su obra, con fuerte contenido social, no renuncia sin embargo a la lírica. Algunos de sus títulos son: Motivos de son (1930); Sóngoro Cosongo (1931); Poemas de amor (1964); Tengo (1964); El gran zoo (1968); Poemas mulatos; Cantos para soldados y sones para turistas; El son entero; La paloma de vuelo popular. 
649 |a XX 
650 |a Escritores Cubanos 
650 |a Negros en Cuba 
650 |a Negros en la Literatura 
650 |a Poesía Epica -  |z Cuba -  |x Historia y Crítica 
650 |a Poesía Patriótica Cubana -  |x Historia y Crítica 
650 |a Poesía Cubana -  |x Historia y Crítica 
650 |a Literatura Cubana -  |y Siglo XX 
650 |a Literatura Cubana -  |x Historia y Crítica 
650 |a Guillén, Nicolás -  |x Tema Principal 
910 |a Fondo General 
920 |a Impresos - Libros 
930 |a Colección General 
940 |a Literatura 
905 |a 101 
901 |a 0500080721  |b IT1  |c LIT  |u 20250521 
902 |a https://opac.biblio.iteso.mx/vufind/Record/000151123